000
002360000a22000970004500
100
1
_a
Ortiz, Loida A.
245
1
0
_a
Dos semillas
300
_a
Vol. 49, Núm 213 (1994), Páginas 32-33
773
0
_t
La Biblia de las Américas
942
_c
ANA
999
_c
51349
_d
51349